000 00538nam a2200229Ia 4500
003 OSt
005 20220912152954.0
006 a|||||r|||| 00| 0
007 ta
008 220909b |||||||| |||| 00| 0 eng d
024 _a27335
037 _cTextual
040 _aCSL
_beng
_cCSL
041 _aeng
082 _aB7, L5
100 _aKardestuncer H
245 0 _aDiscrete mechanic:a unified approach
260 _c1975
300 _ap.
_ccm.
942 _hB7, L5
_cTEXL
_2CC
999 _c95309
_d95309